00837cam a2200217 a 4500001000400000003001000004005001700014008004100031020001800072040002500090080002000115100004200135245016900177260003800346300002700384504003600411650003800447650005800485650005300543650002300596244BR-CuiBMT20231109015419.0230906s2016 mgba 001 0 por d a9788545001447 aBR-CuiBMTcBR-CuiBMT 22007a001.81:341 aBarros, Lucivaldo Vasconcelos,d1963-10aTeoria e prática da pesquisa em jurisprudência :bda procura e uso da informação para sustentar teses e estudos jurídicos /cLucivaldo Vasconcelos Barros. aBelo Horizonte :bFórum,c2016. a255 p. :bil. ;c22 cm aInclui bibliografia e índice. aMetodologiax Pesquisa jurídica aFontes de informação jurídicaxJurisprudência aCiência da informaçãoxPesquisa jurídica aDireito processual